| 000 | 00609nab a2200181 4500 | ||
|---|---|---|---|
| 001 | 244442 | ||
| 003 | OSt | ||
| 005 | 20260429130804.0 | ||
| 007 | tu | ||
| 008 | 260429s2020||||||| | ||
| 040 |
_aDE-2950 _cDE-2950 |
||
| 245 | 0 | 0 |
_aGrenzbus weiter _bNahverkehr. Die Zukunft der Linie 983 nach Slubice bleibt ungewiss. OB Axel Strasser warb jetzt im Stadtrat der Nachbarstadt für den Erhalt - auf polnisch/ _cMarlena Dumin |
| 264 | _c2026 | ||
| 653 | _aFrankfurt (Oder) | ||
| 653 | _aGrenzbus | ||
| 773 | 0 |
_g37. Jahrgang (2026) Nr. 98 vom 28.04.2026 , S. 13 mit Foto _tMärkische Oderzeitung |
|
| 942 |
_2z _cA |
||
| 999 |
_c374387 _d374387 |
||